<?xml version="1.0" encoding="utf-8"?>
<?xml-stylesheet type='text/xsl' href='./oai2.xsl'?>
<OAI-PMH xmlns="http://www.openarchives.org/OAI/2.0/" xmlns:xsi="http://www.w3.org/2001/XMLSchema-instance" xsi:schemaLocation="http://www.openarchives.org/OAI/2.0/ http://www.openarchives.org/OAI/2.0/OAI-PMH.xsd">
  <responseDate>2026-06-03T03:16:39Z</responseDate>
  <request verb="GetRecord" metadataPrefix="marcxml" identifier="record_kuniweb_22018">https://kulturerbe.niedersachsen.de/oai</request>
  <GetRecord>
    <record>
      <header>
        <identifier>record_kuniweb_22018</identifier>
        <datestamp>2015-06-19T12:07:43Z</datestamp>
        <setSpec>slg0103</setSpec>
      </header>
      <metadata>
        <marc:record xmlns:marc="http://www.loc.gov/MARC21/slim" xsi:schemaLocation="http://www.loc.gov/MARC21/slim http://www.loc.gov/standards/marcxml/schema/MARC21slim.xsd">
          <marc:leader>12345nem  22     uu 4500</marc:leader>
          <marc:controlfield tag="001">22018</marc:controlfield>
          <marc:controlfield tag="003">http://kuniweb.gbv.de</marc:controlfield>
          <marc:controlfield tag="005">2015-04-15T12:07:14</marc:controlfield>
          <marc:controlfield tag="008">|           ||||||||||||||||||||||</marc:controlfield>
          <marc:datafield tag="245" ind1="1" ind2="0">
            <marc:subfield code="a">Von dem Sachsen Landt, altem und newem, sampt allen Herrschafften so darinnen ligen</marc:subfield>
          </marc:datafield>
          <marc:datafield tag="700" ind1="1" ind2=" ">
            <marc:subfield code="a">Münster</marc:subfield>
            <marc:subfield code="e">Zeichner</marc:subfield>
          </marc:datafield>
          <marc:datafield tag="655" ind1=" " ind2="7">
            <marc:subfield code="a">Karten</marc:subfield>
          </marc:datafield>
          <marc:datafield tag="046" ind1=" " ind2=" ">
            <marc:subfield code="k">1553</marc:subfield>
            <marc:subfield code="k">Erstveröffentlichung zwischen 1553 uns 1556</marc:subfield>
            <marc:subfield code="l">1556</marc:subfield>
          </marc:datafield>
          <marc:datafield tag="260" ind1=" " ind2=" ">
            <marc:subfield code="g">1553</marc:subfield>
            <marc:subfield code="g">1556</marc:subfield>
            <marc:subfield code="g">Erstveröffentlichung zwischen 1553 uns 1556</marc:subfield>
          </marc:datafield>
          <marc:datafield tag="300" ind1=" " ind2=" ">
            <marc:subfield code="a">Höhe: 7 cm
Breite: 13,5 cm</marc:subfield>
          </marc:datafield>
          <marc:datafield tag="520" ind1=" " ind2=" ">
            <marc:subfield code="a">Maßstäbe (in cm): ohne
Ausrichtung: Süden
Rückseite: Seite MXXIIII mit der Seitenüberschrift „Das Dritte Buch“ und der Überschrift des Kapitels CCCCXXXVIII „Wie die Sachsen des Glaubens halb bestritten sind worden durch die König von Franckreich.“

Anmerkungen: 
Die Karte ist auf die laufende Buchseite gedruckt. Mit ihr beginnt das Kapitel CCCCXXXVII, dessen Überschrift als Titel der Karte verwendet wird. – Die Datierung der Veröffentlichung ergibt sich aus der Erwähnung der Schlacht bei Sievershausen von 1553 auf Seite MXXIII und einem Vergleich mit dem Abdruck der Karte in der Ausgabe der Kosmographie von 1556.

Literatur in Zusammenhang:
„Acta cartographica : a series of monogr. and studies on the history of cartogr., repr. from periodicals since 1800“. Theatrum Orbis Terrarum, Amsterdam, 19671981. (Viktor Hantzsch: Münster als Kartograph, in Acta Cartographica XII, 1971, S. 188 Nr. 33)

Veröffentlicht in:
S. Münster, „Cosmographey, oder Beschreibung aller Länder, Herrschafften und fürnemesten Stetten des gantzen Erdbodens, sampt ihren Gelegenheiten, Eygenschafften, Religion, Gebreuchen, Geschichten und Handthierungen, etc. Cosmography oder Weltbeschreibung in 6 Büchern .̤“. Henricpetri, Basel, 1592. (nach 1556, gedruckt von Heinrich Petri, S. MXXIII)

Literatur in Zusammenhang:
K. H. Burmeister, „Sebastian Münster : eine Bibliographie“. Pressler, Wiesbaden, 1964.</marc:subfield>
          </marc:datafield>
          <marc:datafield tag="650" ind1="1" ind2=" ">
            <marc:subfield code="a">Landkarte</marc:subfield>
          </marc:datafield>
          <marc:datafield tag="773" ind1="0" ind2=" ">
            <marc:subfield code="t">Sammlung Körber-Einbeck</marc:subfield>
          </marc:datafield>
          <marc:datafield tag="852" ind1=" " ind2=" ">
            <marc:subfield code="a">Institut für Historische Landesforschung der Universität Göttingen</marc:subfield>
          </marc:datafield>
          <marc:datafield tag="" ind1=" " ind2=" ">
            <marc:subfield code="a">Namensnennung-Nicht kommerziell 4.0 International (CC BY-NC 4.0))</marc:subfield>
          </marc:datafield>
        </marc:record>
      </metadata>
    </record>
  </GetRecord>
</OAI-PMH>
